[Event "Sydney International Open"]
[Site "Parramatta, NSW"]
[Date "2010.04.08"]
[Round "4.2"]
[White "Jones, Gawain"]
[Black "Panchanathan, Magesh Chandran"]
[Result "1/2-1/2"]
[WhiteElo "2556"]
[BlackElo "2543"]
[PlyCount "81"]
[EventDate "2010.04.07"]
[EventType "swiss"]
[EventRounds "9"]
[EventCountry "AUS"]
[SourceDate "2010.04.07"]

1. e4 e5 2. Nf3 Nc6 3. d4 exd4 4. Nxd4 Nf6 5. Nxc6 bxc6 6. e5 Qe7 7. Qe2 Nd5 8.
c4 Ba6 9. b3 g6 10. f4 Qb4+ 11. Bd2 Qb6 12. Nc3 Nxc3 13. Bxc3 Bb4 14. Bxb4
Qxb4+ 15. Qd2 Qxd2+ 16. Kxd2 c5 17. g3 Bb7 18. Rg1 d6 19. Re1 O-O 20. exd6 cxd6
21. Re7 Bc6 22. Bg2 Bxg2 23. Rxg2 a5 24. Kc3 a4 25. b4 cxb4+ 26. Kxb4 Rfb8+ 27.
Kc3 Rb1 28. Rb2 Rc1+ 29. Kd3 Rd1+ 30. Rd2 Rc1 31. Rc2 Rd1+ 32. Ke2 Ra1 33. Kf2
Rb1 34. Rd7 Rb6 35. Rd2 Rc8 36. R7xd6 Rxd6 37. Rxd6 Rxc4 38. Ke3 Kg7 39. Kd2 h5
40. h4 Rb4 41. Kc3 1/2-1/2

[Event "Sydney International Open"]
[Site "Parramatta, NSW"]
[Date "2010.04.08"]
[Round "4.3"]
[White "Zhao, Zong Yuan"]
[Black "Kunte, Abhijit"]
[Result "1/2-1/2"]
[WhiteElo "2592"]
[BlackElo "2528"]
[PlyCount "48"]
[EventDate "2010.04.07"]
[EventType "swiss"]
[EventRounds "9"]
[EventCountry "AUS"]
[SourceDate "2010.04.07"]

1. e4 e5 2. Nf3 Nc6 3. Bb5 a6 4. Ba4 Nf6 5. O-O Be7 6. Re1 b5 7. Bb3 d6 8. c3
O-O 9. h3 Nb8 10. d4 Nbd7 11. Nbd2 Bb7 12. Bc2 Re8 13. b3 Bf8 14. Bb2 g6 15. a4
Bg7 16. Bd3 c6 17. Qc2 Rc8 18. Rab1 Nh5 19. Bf1 Nf4 20. b4 Nb6 21. g3 Ne6 22.
a5 Na4 23. Ba1 exd4 24. cxd4 c5 1/2-1/2

[Event "Sydney International Open"]
[Site "Parramatta, NSW"]
[Date "2010.04.08"]
[Round "4.4"]
[White "Lane, Gary"]
[Black "Malaniuk, Vladimir"]
[Result "0-1"]
[WhiteElo "2380"]
[BlackElo "2582"]
[PlyCount "78"]
[EventDate "2010.04.07"]
[EventType "swiss"]
[EventRounds "9"]
[EventCountry "AUS"]
[SourceDate "2010.04.07"]

1. e4 e5 2. Nf3 Nc6 3. Bc4 Bc5 4. c3 Nf6 5. d3 d6 6. O-O O-O 7. Re1 a6 8. Bb3
Ba7 9. h3 h6 10. Nbd2 Be6 11. Nf1 Bxb3 12. Qxb3 Rb8 13. Be3 Bxe3 14. Nxe3 g6
15. Rad1 Kg7 16. Nd5 Nxd5 17. exd5 Ne7 18. d4 f6 19. c4 g5 20. c5 Rf7 21. Qc4
Qd7 22. Rc1 Ng6 23. b3 Nf4 24. dxe5 fxe5 25. Nh2 Qf5 26. Rcd1 h5 27. Qe4 Qf6
28. b4 Rd8 29. cxd6 cxd6 30. Re3 Rc8 31. Nf3 Kh6 32. Nd2 Rfc7 33. Qf3 Qg6 34.
Ne4 Rc4 35. g4 h4 36. Rde1 Rc2 37. a3 R8c4 38. Nc3 Rd2 39. Rd1 e4 0-1

[Event "Sydney International Open"]
[Site "Parramatta, NSW"]
[Date "2010.04.08"]
[Round "4.5"]
[White "Smerdon, David"]
[Black "Barua, Dibyendu"]
[Result "1-0"]
[WhiteElo "2530"]
[BlackElo "2479"]
[Annotator "Rogers,Ian"]
[PlyCount "139"]
[EventDate "2010.04.07"]
[EventType "swiss"]
[EventRounds "9"]
[EventCountry "AUS"]
[SourceDate "2010.04.07"]

1. e4 e6 2. d4 d5 3. Nd2 Nf6 4. e5 Nfd7 5. c3 c5 6. Bd3 Nc6 7. Ngf3 g6 8. h4
cxd4 9. cxd4 h6 10. Nb1 Qb6 11. Be2 Bg7 12. Nc3 O-O 13. a3 f6 14. exf6 Rxf6 15.
Be3 Qd8 16. g4 Rf7 17. Qd3 Ne7 18. h5 g5 19. Bxg5 Rxf3 20. Bxe7 Rxd3 21. Bxd8
Rxd4 22. g5 (22. Nb5 $142) 22... Ne5 23. gxh6 Bxh6 24. Rg1+ Kh7 25. Bf6 Nd3+
26. Kf1 e5 27. Rg3 Nf4 28. Bf3 Bh3+ 29. Kg1 Re8 30. Re1 Bf5 31. Nb5 Rd2 32. Nd6
Re6 33. Nxf5 Rxf6 34. Rxe5 Bf8 35. Ne7 Bg7 36. Nxd5 Nh3+ 37. Rxh3 Rxf3 38. Rxf3
Bxe5 39. Ne3 Bxb2 40. Rf7+ Kh6 41. Rxb7 Kxh5 42. Rxa7 Bd4 43. Re7 Ra2 44. Re4
Ba7 45. a4 Bb6 46. Ng4 Kg5 47. Kg2 Ra3 48. Ne3 Ra2 49. Kg3 Ra3 50. Kf3 Ra2 51.
Rb4 Bd8 52. Rb8 Bc7 53. Ra8 Bb6 54. Ra6 Bd8 55. Nc4 Be7 56. Kg3 Bb4 57. f4+ Kf5
58. Ne3+ Ke4 59. Re6+ Kd3 60. Nd5 Bc5 61. Nb6 Ra1 62. f5 Bd4 63. Kg4 Rb1 64.
Nd7 Ra1 65. Ne5+ Kc3 66. Nc6 Rg1+ 67. Kf4 Rf1+ 68. Ke4 Bc5 69. f6 Ba3 70. a5
1-0

[Event "Sydney International Open"]
[Site "Parramatta, NSW"]
[Date "2010.04.08"]
[Round "4.6"]
[White "Solomon, Stephen"]
[Black "Roy Chowdhury, Saptarshi"]
[Result "0-1"]
[WhiteElo "2426"]
[BlackElo "2429"]
[PlyCount "104"]
[EventDate "2010.04.07"]
[EventType "swiss"]
[EventRounds "9"]
[EventCountry "AUS"]
[SourceDate "2010.04.07"]

1. e4 c5 2. Nf3 Nc6 3. d4 cxd4 4. Nxd4 g6 5. c4 Bg7 6. Be3 Nf6 7. Nc3 O-O 8.
Be2 b6 9. O-O Bb7 10. f3 Qb8 11. Qd2 Rd8 12. Rad1 d6 13. b3 Rd7 14. g4 Qf8 15.
g5 Ne8 16. f4 e5 17. Nxc6 exf4 18. Bxf4 Bxc6 19. Nd5 Bxd5 20. Qxd5 Rad8 21. Bg4
Re7 22. h4 Rb8 23. Rf3 Be5 24. Rdf1 Bxf4 25. Rxf4 Rbb7 26. Kg2 Rbc7 27. b4 Re5
28. Qd4 Qg7 29. R1f2 Rce7 30. Kf3 h6 31. gxh6 Qxh6 32. h5 gxh5 33. Bh3 Ng7 34.
a4 Ne6 35. Bxe6 R7xe6 36. b5 Rf6 37. Rxf6 Qxf6+ 38. Ke2 Qe6 39. Kd3 Rg5 40. Qf6
Rg6 41. Qxe6 fxe6 42. e5 Rg3+ 43. Kd4 Rg4+ 44. Kc3 d5 45. cxd5 exd5 46. e6 Re4
47. Rf5 h4 48. Rxd5 Rxe6 49. Kd4 Rh6 50. a5 h3 51. axb6 axb6 52. Rg5+ Kf7 0-1

[Event "Sydney International Open"]
[Site "Parramatta, NSW"]
[Date "2010.04.08"]
[Round "4.7"]
[White "Macak, Stefan"]
[Black "Ayvazyan, Armen"]
[Result "1-0"]
[WhiteElo "2470"]
[BlackElo "2222"]
[PlyCount "73"]
[EventDate "2010.04.07"]
[EventType "swiss"]
[EventRounds "9"]
[EventCountry "AUS"]
[SourceDate "2010.04.07"]

1. e4 c5 2. Nf3 Nc6 3. d4 cxd4 4. Nxd4 Nf6 5. Nc3 d6 6. Bc4 e6 7. Be3 Be7 8.
Qe2 a6 9. O-O-O Nxd4 10. Rxd4 b5 11. Bb3 Qc7 12. g4 Nd7 13. g5 Nc5 14. h4 O-O
15. h5 f5 16. exf5 Nxb3+ 17. axb3 Rxf5 18. Rhd1 d5 19. h6 g6 20. Qd2 b4 21. Na4
Bd7 22. Rf4 Raf8 23. Rxf5 Rxf5 24. Kb1 Bxa4 25. bxa4 Bd6 26. Qd4 a5 27. Qd3 Rf8
28. Rc1 Be5 29. Qa6 Re8 30. Bb6 Qc6 31. Qxa5 Ra8 32. Qxb4 Rxa4 33. Qe7 Bxb2 34.
Bc5 Qa8 35. Kxb2 Ra2+ 36. Kb3 Qa4+ 37. Kc3 1-0

[Event "Sydney International Open"]
[Site "Parramatta, NSW"]
[Date "2010.04.08"]
[Round "4.8"]
[White "Samar, Raul"]
[Black "Xie, George"]
[Result "0-1"]
[WhiteElo "2235"]
[BlackElo "2470"]
[PlyCount "178"]
[EventDate "2010.04.07"]
[EventType "swiss"]
[EventRounds "9"]
[EventCountry "AUS"]
[SourceDate "2010.04.07"]

1. e4 c5 2. Nc3 e6 3. f4 d5 4. d3 Nc6 5. Nf3 d4 6. Ne2 Bd6 7. g3 Nge7 8. Bg2
O-O 9. O-O f5 10. e5 Bc7 11. c4 dxc3 12. bxc3 b5 13. Be3 Bb6 14. Bf2 h6 15. Qc2
Ba6 16. Rfd1 Rc8 17. Rab1 Nd5 18. Qd2 Qe7 19. Qc1 c4 20. dxc4 Bxf2+ 21. Kxf2
Qc5+ 22. Nfd4 Nxd4 23. cxd4 Qxc4 24. Qxc4 Rxc4 25. Bxd5 exd5 26. Rdc1 Rfc8 27.
Rxc4 Rxc4 28. Rb2 b4 29. Ke3 Bb5 30. a3 a5 31. axb4 a4 32. Kd2 a3 33. Rb3 Rxb4
34. Rxb4 a2 35. Rxb5 a1=Q 36. Rc5 g5 37. Rc1 Qa4 38. Ke3 Kg7 39. Kf2 Qb5 40.
Rg1 Qd3 41. Rc1 g4 42. h4 gxh3 43. Rh1 Qa6 44. Rxh3 Kf7 45. Rh4 Qg6 46. Kf3 Ke7
47. g4 fxg4+ 48. Rxg4 Qe4+ 49. Kf2 Kf7 50. Rg3 Qf5 51. Rc3 Ke7 52. Rc6 h5 53.
Rc1 h4 54. Rg1 h3 55. Rh1 Qg4 56. Rh2 Ke6 57. Ke3 Kf5 58. Rf2 Qg6 59. Kf3 Qg4+
60. Ke3 Qh4 61. Rh2 Kg4 62. Kd2 Qh6 63. Ke3 Qa6 64. Kf2 Qa3 65. Kf1 Qa1+ 66.
Kf2 Qb1 67. Ke3 Qf1 68. Kd2 Qf3 69. Ke1 Kf5 70. Rf2 Qb3 71. Kd2 Ke4 72. Rh2 Qf3
73. e6 Qe3+ 74. Ke1 Kf5 75. e7 Kg4 76. Kf1 Qxe7 77. Kf2 Qa3 78. Ke1 Qe3 79. Kd1
Kf5 80. Ke1 Ke4 81. Kf1 Qf3+ 82. Ke1 Ke3 83. f5 Qxf5 84. Nc1 Kxd4 85. Ne2+ Ke3
86. Nc1 Qg4 87. Re2+ Kd4 88. Nb3+ Kc3 89. Nd2 Qxe2+ 0-1

[Event "Sydney International Open"]
[Site "Parramatta, NSW"]
[Date "2010.04.08"]
[Round "4.9"]
[White "Lahiri, Atanu"]
[Black "Stojic, Dusan"]
[Result "1-0"]
[WhiteElo "2368"]
[BlackElo "2192"]
[PlyCount "93"]
[EventDate "2010.04.07"]
[EventType "swiss"]
[EventRounds "9"]
[EventCountry "AUS"]
[SourceDate "2010.04.07"]

1. e4 c5 2. d3 Nc6 3. g3 g6 4. Bg2 Bg7 5. f4 e6 6. Nf3 Nge7 7. O-O O-O 8. c3 d5
9. e5 d4 10. c4 f6 11. exf6 Bxf6 12. Na3 Nf5 13. Nc2 e5 14. Qe2 Re8 15. Qf2 a5
16. Bd2 exf4 17. Bxf4 Nb4 18. Nfe1 Ra6 19. Be4 Rb6 {Black offered a draw.} 20.
Nxb4 axb4 21. Ng2 Kg7 22. Qd2 Ra6 23. Rf2 Kh8 24. Raf1 Rxa2 25. Bxf5 Bxf5 26.
Bh6 Ra6 27. Qd1 Bg5 28. Bxg5 Qxg5 29. Rf4 Raa8 30. Qf3 Qe7 31. g4 Be6 32. Re1
Qd7 33. Rfe4 Kg7 34. Qf4 Bf7 35. Qg5 Qd6 36. Nh4 Kf8 37. Qh6+ Kg8 38. Nf5 Qf8
39. Ne7+ Rxe7 40. Qxf8+ Kxf8 41. Rxe7 g5 42. Rxb7 Bg6 43. Re5 Bxd3 44. Rxc5 h6
45. Rd7 Ra1+ 46. Kf2 Ra2 47. Rc8# 1-0

[Event "Sydney International Open"]
[Site "Parramatta, NSW"]
[Date "2010.04.08"]
[Round "4.10"]
[White "Dhar Barua, Saheli"]
[Black "Sharma, Dinesh Kumar"]
[Result "0-1"]
[WhiteElo "2151"]
[BlackElo "2361"]
[PlyCount "80"]
[EventDate "2010.04.07"]
[EventType "swiss"]
[EventRounds "9"]
[EventCountry "AUS"]
[SourceDate "2010.04.07"]

1. e4 c5 2. Nf3 d6 3. d4 cxd4 4. Nxd4 Nf6 5. Nc3 a6 6. Be2 e5 7. Nb3 Be7 8. O-O
O-O 9. Kh1 b6 10. f4 Bb7 11. Bf3 Nbd7 12. a4 Rc8 13. Qe2 Re8 14. Rd1 Qc7 15. f5
d5 16. exd5 e4 17. Nxe4 Nxe4 18. Bxe4 Bf8 19. Qf3 Qe5 20. Rd4 Bxd5 21. Bf4 Bxe4
22. Bxe5 Bxf3 23. Rxd7 Bxg2+ 24. Kxg2 Rxc2+ 25. Rd2 Rxd2+ 26. Nxd2 Rxe5 27. Nc4
Rxf5 28. Nxb6 h5 29. Rc1 g5 30. Nd7 Be7 31. Rc6 a5 32. b3 Kg7 33. Nb6 Rc5 34.
Rxc5 Bxc5 35. Nc4 Bb4 36. Ne5 f5 37. Nd3 Bd6 38. h3 g4 39. hxg4 hxg4 40. b4
Bxb4 0-1

[Event "Sydney International Open"]
[Site "Parramatta, NSW"]
[Date "2010.04.08"]
[Round "4.11"]
[White "Rej, Tomek"]
[Black "Charles, Gareth"]
[Result "0-1"]
[WhiteElo "2348"]
[BlackElo "2148"]
[PlyCount "188"]
[EventDate "2010.04.07"]
[EventType "swiss"]
[EventRounds "9"]
[EventCountry "AUS"]
[SourceDate "2010.04.07"]

1. d4 d5 2. c4 e6 3. Nf3 Nf6 4. g3 dxc4 5. Qa4+ Nbd7 6. Qxc4 Be7 7. Bg2 O-O 8.
O-O a6 9. Qc2 Bd6 10. Rd1 Qe7 11. Nc3 c5 12. e4 e5 13. dxc5 Nxc5 14. Bg5 Be6
15. Bxf6 gxf6 16. Nd5 Bxd5 17. Rxd5 Ne6 18. Nh4 Nd4 19. Qd1 Rfd8 20. Bh3 Qf8
21. Qh5 Qg7 22. Nf5 Nxf5 23. Bxf5 Bf8 24. Rad1 Rxd5 25. exd5 Rd8 26. Be4 h6 27.
Qf5 Bd6 28. h4 Kf8 29. Rd3 Ke7 30. Rb3 Rd7 31. Rc3 Qf8 32. Bf3 Rc7 33. Bg4 Qd8
34. Rf3 Qh8 35. Kg2 b6 36. a3 a5 37. Rb3 Bc5 38. Rc3 Qd8 39. Rf3 Qd6 40. Kh2
Bd4 41. b3 Bc5 42. Bh5 Bxa3 43. Rd3 Qd8 44. Qh7 Qf8 45. Rf3 Rd7 46. Qf5 Rd6 47.
Qe4 Bc5 48. Kg2 Qd8 49. Qg4 Qf8 50. Qe4 Kd8 51. Qc4 Kc7 52. Bg4 Qa8 53. Rd3 Qb7
54. Bf5 Kb8 55. Be4 Ka7 56. Qa4 Qd7 57. Rf3 Qxa4 58. bxa4 Bb4 59. Rd3 Kb7 60.
Kf3 Bc5 61. Rd2 b5 62. axb5 Kb6 63. Rb2 a4 64. Ke2 a3 65. Rd2 Kxb5 66. Kd1 Bd4
67. Kc1 Kb4 68. g4 Rd8 69. Kb1 Rg8 70. f3 Rd8 71. Ka2 Rc8 72. Rc2 Bc3 73. Bd3
Rc5 74. Be4 Rc4 75. Rc1 Rd4 76. Rxc3 Kxc3 77. Kxa3 Kd2 78. Kb3 Ke3 79. Kc3 Kf4
80. Kc2 Kg3 81. h5 Kf4 82. Kc3 Ke3 83. Kc2 Ke2 84. Kc3 {White offered a draw.}
Kd1 85. Kb2 Kd2 86. Kb3 f5 87. Bxf5 Rxd5 88. g5 hxg5 89. h6 Rd6 90. h7 Rh6 91.
Kc4 Ke3 92. Kd5 Kxf3 93. Kxe5 g4 94. Be4+ Kf2 0-1

[Event "Sydney International Open"]
[Site "Parramatta, NSW"]
[Date "2010.04.08"]
[Round "4.12"]
[White "Monir, Arman"]
[Black "Teichmann, Erik OMC"]
[Result "0-1"]
[WhiteElo "2139"]
[BlackElo "2325"]
[PlyCount "54"]
[EventDate "2010.04.07"]
[EventType "swiss"]
[EventRounds "9"]
[EventCountry "AUS"]
[SourceDate "2010.04.07"]

1. e4 Nc6 2. d4 e5 3. d5 Nce7 4. c4 Ng6 5. Bd3 Bc5 6. Ne2 Qh4 7. Ng3 Nf6 8. h3
Nf4 9. Qf3 d6 10. Nc3 N6h5 11. Nce2 O-O 12. Bxf4 Nxf4 13. Nxf4 exf4 14. Ne2 f5
15. exf5 Bxf5 16. Bxf5 Rxf5 17. O-O Re8 18. Rad1 Qf6 19. Nc3 Rfe5 20. a3 a6 21.
Kh2 R5e7 22. Rd2 Bd4 23. Nd1 Re4 24. Qd3 Bb6 25. f3 Re1 26. Rxe1 Rxe1 27. Re2
Qh4 0-1

[Event "Sydney International Open"]
[Site "Parramatta, NSW"]
[Date "2010.04.08"]
[Round "4.13"]
[White "Nakauchi, Gene"]
[Black "Ikeda, Junta"]
[Result "0-1"]
[WhiteElo "2119"]
[BlackElo "2302"]
[PlyCount "106"]
[EventDate "2010.04.07"]
[EventType "swiss"]
[EventRounds "9"]
[EventCountry "AUS"]
[SourceDate "2010.04.07"]

1. d4 e6 2. c4 d6 3. Nc3 g6 4. Nf3 Bg7 5. e4 Nd7 6. Be3 Ne7 7. Qd2 h6 8. h4 b6
9. Be2 Bb7 10. d5 Nf6 11. dxe6 fxe6 12. Nd4 Qd7 13. f3 a6 14. O-O-O O-O-O 15.
g4 c5 16. Nc2 d5 17. Bf4 d4 18. b3 Qc6 19. Na4 Nd7 20. Kb1 Ne5 21. Nb2 Rdf8 22.
Rhf1 Rf7 23. Bg3 Nd7 24. f4 Nf6 25. Bf3 Nxe4 26. Qd3 Nc3+ 27. Ka1 Qd7 28. Rde1
Nc6 29. Rf2 Rhf8 30. Rd2 e5 31. Qxg6 exf4 32. Bf2 Ne5 33. Bxb7+ Kxb7 34. Rxe5
Bxe5 35. Nd3 Bg7 36. b4 Qc6 37. Qh5 cxb4 38. Ndxb4 Qxc4 39. Bxd4 Rd7 40. Qg6
Bxd4 41. Rxd4 Rxd4 42. Qg7+ Rf7 43. Qxd4 Qf1+ 44. Kb2 Rc7 45. Qd3 Qb1+ 46. Ka3
Nb5+ 47. Ka4 Qb2 48. Qe4+ Ka7 49. Nc6+ Rxc6 50. Qxc6 Qxa2+ 51. Kb4 a5+ 52. Kxb5
Qb3+ 53. Nb4 Qxb4# 0-1

[Event "Sydney International Open"]
[Site "Parramatta, NSW"]
[Date "2010.04.08"]
[Round "4.14"]
[White "Fernandez, Daniel Howard"]
[Black "McNamara, Gary"]
[Result "1-0"]
[WhiteElo "2299"]
[BlackElo "2117"]
[PlyCount "61"]
[EventDate "2010.04.07"]
[EventType "swiss"]
[EventRounds "9"]
[EventCountry "AUS"]
[SourceDate "2010.04.07"]

1. e4 c5 2. Nf3 e6 3. b3 d6 4. Bb2 a6 5. c4 Nf6 6. Nc3 Be7 7. d4 cxd4 8. Nxd4
O-O 9. g3 d5 10. e5 Nfd7 11. cxd5 Nxe5 12. f4 Ng6 13. dxe6 b5 14. Bg2 Ra7 15.
exf7+ Kh8 16. Nd5 Rxf7 17. O-O Bc5 18. Rc1 Bxd4+ 19. Qxd4 Rad7 20. Qb6 Bb7 21.
Qxd8+ Rxd8 22. Ne3 Bxg2 23. Kxg2 Ne7 24. Rfd1 Rff8 25. Rxd8 Rxd8 26. Rd1 Re8
27. Kf3 Kg8 28. g4 Kf7 29. f5 h6 30. Rd6 Nec6 31. h4 1-0

[Event "Sydney International Open"]
[Site "Parramatta, NSW"]
[Date "2010.04.08"]
[Round "4.15"]
[White "Smirnov, Anton"]
[Black "Illingworth, Max"]
[Result "0-1"]
[WhiteElo "1868"]
[BlackElo "2289"]
[PlyCount "52"]
[EventDate "2010.04.07"]
[EventType "swiss"]
[EventRounds "9"]
[EventCountry "AUS"]
[SourceDate "2010.04.07"]

1. e4 d6 2. Nf3 Nf6 3. d3 c5 4. g3 Nc6 5. Bg2 g6 6. O-O Bg7 7. c3 O-O 8. Nbd2
e5 9. Ne1 Ne8 10. f4 exf4 11. gxf4 f5 12. Nc2 Kh8 13. Ne3 Rb8 14. exf5 gxf5 15.
Nf3 Ne7 16. d4 b6 17. Re1 Nf6 18. Nf1 Ne4 19. Be3 Bb7 20. Qe2 Nd5 21. Kh1 Bh6
22. Ng5 Nxg5 23. fxg5 Bxg5 24. Rad1 f4 25. Bc1 f3 26. Bxf3 Nxc3 0-1

[Event "Sydney International Open"]
[Site "Parramatta, NSW"]
[Date "2010.04.08"]
[Round "4.16"]
[White "Steadman, Michael"]
[Black "Cameron, Alistair"]
[Result "1-0"]
[WhiteElo "2264"]
[BlackElo "1862"]
[PlyCount "63"]
[EventDate "2010.04.07"]
[EventType "swiss"]
[EventRounds "9"]
[EventCountry "AUS"]
[SourceDate "2010.04.07"]

1. d4 Nf6 2. c4 c5 3. d5 b5 4. cxb5 a6 5. b6 Qxb6 6. Nc3 d6 7. e4 g6 8. Be2 Bg7
9. Nf3 Nbd7 10. O-O O-O 11. Qc2 Bb7 12. Nd2 Ne5 13. Kh1 e6 14. f4 Ned7 15. Nc4
Qc7 16. dxe6 fxe6 17. f5 gxf5 18. exf5 e5 19. Qb3 Kh8 20. Nxd6 Bxg2+ 21. Kxg2
Qxd6 22. Be3 Rab8 23. Qe6 Qc7 24. b3 Rb6 25. Qc4 Rg8 26. Kh1 Rb4 27. Qxa6 Rh4
28. Nb5 Qb8 29. Nd6 h6 30. Rg1 Nd5 31. Nf7+ Kh7 32. Qg6# 1-0

[Event "Sydney International Open"]
[Site "Parramatta, NSW"]
[Date "2010.04.08"]
[Round "4.17"]
[White "Rachmadi, Herman"]
[Black "Rujevic, Mirko"]
[Result "0-1"]
[WhiteElo "1823"]
[BlackElo "2261"]
[PlyCount "80"]
[EventDate "2010.04.07"]
[EventType "swiss"]
[EventRounds "9"]
[EventCountry "AUS"]
[SourceDate "2010.04.07"]

1. d4 Nf6 2. c4 g6 3. Nc3 Bg7 4. Nf3 d6 5. e4 O-O 6. Be2 e5 7. O-O Nc6 8. d5
Ne7 9. Ne1 Nd7 10. b4 a5 11. b5 f5 12. f3 Nf6 13. Qc2 b6 14. Bd2 Nh5 15. Bg5 h6
16. Bh4 Nf4 17. Bd1 g5 18. Bf2 fxe4 19. Nxe4 Bf5 20. Rc1 Qe8 21. Be3 Qg6 22.
Bxf4 exf4 23. Be2 Bd4+ 24. Kh1 g4 25. Bd3 g3 26. h3 Qh5 27. Nxg3 fxg3 28. Bxf5
Nxf5 29. Qd3 Rae8 30. Nc2 Bf2 31. Rcd1 Re5 32. Qc3 Rfe8 33. a4 Re2 34. Rd3 Bc5
35. Nd4 Nxd4 36. Rxd4 Bxd4 37. Qxd4 Re1 38. Kg1 Qg6 39. Qb2 Rxf1+ 40. Kxf1 Qd3+
0-1

[Event "Sydney International Open"]
[Site "Parramatta, NSW"]
[Date "2010.04.08"]
[Round "4.18"]
[White "Ly, Moulthun"]
[Black "Holland, Dennis"]
[Result "1-0"]
[WhiteElo "2315"]
[BlackElo "1944"]
[PlyCount "55"]
[EventDate "2010.04.07"]
[EventType "swiss"]
[EventRounds "9"]
[EventCountry "AUS"]
[SourceDate "2010.04.07"]

1. e4 e6 2. d4 d5 3. Nd2 dxe4 4. Nxe4 Nd7 5. Nf3 Be7 6. Bd3 Ngf6 7. Qe2 Nxe4 8.
Qxe4 Nf6 9. Qh4 Nd5 10. Qg3 Bf6 11. O-O Qd6 12. Ne5 Nb4 13. Bb5+ Nc6 14. Bf4
Qb4 15. a4 Bd7 16. Nxd7 Kxd7 17. c3 Qe7 18. Bxc7 Bh4 19. Qe5 Kc8 20. Bxc6 Qxc7
21. Qxg7 Qd8 22. Bf3 Qf6 23. Qg4 Kc7 24. Qe4 Rab8 25. d5 exd5 26. Qxd5 b6 27.
Qc4+ Kd8 28. Rfe1 1-0

[Event "Sydney International Open"]
[Site "Parramatta, NSW"]
[Date "2010.04.08"]
[Round "4.19"]
[White "Chowdhury, Sohel"]
[Black "Zulfic, Fedja"]
[Result "0-1"]
[WhiteElo "2190"]
[BlackElo "2008"]
[PlyCount "80"]
[EventDate "2010.04.07"]
[EventType "swiss"]
[EventRounds "9"]
[EventCountry "AUS"]
[SourceDate "2010.04.07"]

1. e4 d5 2. exd5 Nf6 3. d4 Bg4 4. Nf3 Qxd5 5. Be2 Nc6 6. O-O O-O-O 7. c4 Qh5 8.
Be3 e5 9. d5 e4 10. Qa4 exf3 11. dxc6 fxe2 12. cxb7+ Kxb7 13. Qxa7+ Kc8 14. Re1
Bd6 15. f4 Kd7 16. Nc3 Rhe8 17. Bf2 Bxf4 18. Qd4+ Bd6 19. h3 Bxh3 20. gxh3 Qxh3
21. Rxe2 Kc8 22. Qh4 Bh2+ 23. Kh1 Qf3+ 24. Kxh2 Ng4+ 25. Kg1 Rxe2 26. Nxe2 Qxe2
27. Re1 Rd1 28. Rxd1 Qxd1+ 29. Kg2 Qe2 30. b3 f5 31. Qg3 Qxa2 32. b4 g5 33. Qf3
Qxf2+ 34. Qxf2 Nxf2 35. Kxf2 c6 36. Ke3 h5 37. Kd4 h4 38. Ke3 g4 39. Kf2 f4 40.
Kg2 Kc7 0-1

[Event "Sydney International Open"]
[Site "Parramatta, NSW"]
[Date "2010.04.08"]
[Round "4.21"]
[White "Yuan, Yi"]
[Black "Jule, Alexandra"]
[Result "1-0"]
[WhiteElo "2151"]
[BlackElo "1938"]
[PlyCount "49"]
[EventDate "2010.04.07"]
[EventType "swiss"]
[EventRounds "9"]
[EventCountry "AUS"]
[SourceDate "2010.04.07"]

1. e4 e6 2. Nf3 d5 3. Nc3 Nf6 4. e5 Nfd7 5. d4 c5 6. dxc5 Bxc5 7. Bd3 f6 8.
exf6 Nxf6 9. O-O Nc6 10. Bf4 O-O 11. Ne5 Qe8 12. Nxc6 bxc6 13. Qe2 Bd4 14. Rae1
Nd7 15. Bd6 Rf6 16. Ne4 Rh6 17. Ng3 Nc5 18. Nf5 e5 19. Nxh6+ gxh6 20. Bxe5 Nxd3
21. Bxd4 Qxe2 22. Rxe2 Nf4 23. Re8+ Kf7 24. Rfe1 Ne6 25. R1xe6 1-0

[Event "Sydney International Open"]
[Site "Parramatta, NSW"]
[Date "2010.04.08"]
[Round "4.22"]
[White "Johansen, Darryl"]
[Black "Wang, Oscar"]
[Result "1-0"]
[WhiteElo "2457"]
[BlackElo "1943"]
[PlyCount "89"]
[EventDate "2010.04.07"]
[EventType "swiss"]
[EventRounds "9"]
[EventCountry "AUS"]
[SourceDate "2010.04.07"]

1. c4 e6 2. Nf3 Nf6 3. g3 Be7 4. Bg2 O-O 5. O-O d5 6. d4 b6 7. Nc3 Bb7 8. Ne5
Nbd7 9. Qa4 Nxe5 10. dxe5 Ne4 11. Nxe4 dxe4 12. Rd1 Qe8 13. Qc2 Rd8 14. Rxd8
Qxd8 15. Bxe4 Bxe4 16. Qxe4 Qd1+ 17. Kg2 Rd8 18. b3 Qd4 19. Qxd4 Rxd4 20. Be3
Rd7 21. Kf3 Kf8 22. Rc1 c6 23. Rc2 Ke8 24. Rd2 Bb4 25. Rd3 Kd8 26. g4 Kc7 27.
h4 Be7 28. h5 Kc8 29. Ke4 Kc7 30. Bd2 a5 31. Be3 c5 32. Bc1 Kc6 33. Bb2 Kc7 34.
Bc3 Kc6 35. f4 Kc7 36. Bd2 Kd8 37. f5 Bf8 38. Bg5+ Ke8 39. Bh4 Be7 40. Bxe7
exf5+ 41. gxf5 Kxe7 42. f6+ gxf6 43. exf6+ Ke6 44. Rxd7 Kxd7 45. Kd5 1-0

[Event "Sydney International Open"]
[Site "Parramatta, NSW"]
[Date "2010.04.08"]
[Round "4.23"]
[White "Shen, Daniel"]
[Black "Guo, Emma"]
[Result "1/2-1/2"]
[WhiteElo "2197"]
[BlackElo "1941"]
[PlyCount "68"]
[EventDate "2010.04.07"]
[EventType "swiss"]
[EventRounds "9"]
[EventCountry "AUS"]
[SourceDate "2010.04.07"]

1. e4 c5 2. Nf3 e6 3. c4 a6 4. Nc3 Nc6 5. Be2 d6 6. d4 cxd4 7. Nxd4 Nf6 8. Be3
Be7 9. O-O O-O 10. Rc1 Bd7 11. f3 Rc8 12. Qd2 Nxd4 13. Bxd4 Bc6 14. Rfd1 Nd7
15. Be3 e5 16. Nd5 Bxd5 17. cxd5 f5 18. Rxc8 Qxc8 19. Rc1 Qb8 20. Qc2 f4 21.
Bf2 Bd8 22. Qa4 Rf7 23. Qb4 Nc5 24. Qd2 Rc7 25. Bd1 Nd7 26. Rxc7 Qxc7 27. Qc2
Qxc2 28. Bxc2 Bb6 29. b4 Bxf2+ 30. Kxf2 Kf7 31. a4 Ke7 32. a5 Kd8 33. g3 g5 34.
Bd3 b5 1/2-1/2

[Event "Sydney International Open"]
[Site "Parramatta, NSW"]
[Date "2010.04.08"]
[Round "4.24"]
[White "Chen, Peng Yu"]
[Black "Castor, David"]
[Result "0-1"]
[WhiteElo "1934"]
[BlackElo "2131"]
[PlyCount "110"]
[EventDate "2010.04.07"]
[EventType "swiss"]
[EventRounds "9"]
[EventCountry "AUS"]
[SourceDate "2010.04.07"]

1. e4 c6 2. d4 d5 3. Nc3 dxe4 4. Nxe4 Bf5 5. Ng3 Bg6 6. h4 h6 7. Nf3 Nd7 8. h5
Bh7 9. Bd3 Bxd3 10. Qxd3 e6 11. Bf4 Qa5+ 12. Bd2 Bb4 13. c3 Be7 14. O-O Ngf6
15. c4 Qc7 16. Rfe1 O-O 17. Ne5 c5 18. Nf3 cxd4 19. Nxd4 Nc5 20. Qe2 Rfd8 21.
Be3 a6 22. Red1 Bd6 23. Nf1 Rac8 24. Rac1 Qa5 25. a3 Nce4 26. c5 Bb8 27. f3 Ng3
28. Nxg3 Bxg3 29. f4 Nd5 30. Qf3 Nxe3 31. Qxe3 Rxc5 32. Nxe6 Rxc1 33. Rxc1 fxe6
34. Qxg3 Qxh5 35. Rc7 Qd1+ 36. Kh2 Rd7 37. Rxd7 Qxd7 38. Qe3 Qd5 39. g4 Kf7 40.
Kg3 a5 41. a4 g5 42. fxg5 hxg5 43. Qc3 Qd6+ 44. Kh3 Qd5 45. Kg3 {
White offered a draw.} Ke7 46. b4 axb4 47. Qg7+ Kd6 48. Qf8+ Kc6 49. Qe8+ Kb6
50. Qg6 Qe5+ 51. Kf3 Qf4+ 52. Ke2 Qxg4+ 53. Kd2 Qf4+ 54. Ke1 Qe5+ 55. Kd1 b3
0-1

[Event "Sydney International Open"]
[Site "Parramatta, NSW"]
[Date "2010.04.08"]
[Round "4.25"]
[White "Stead, Kerry"]
[Black "Goundar, Sanmogam"]
[Result "1-0"]
[WhiteElo "2087"]
[BlackElo "1929"]
[PlyCount "41"]
[EventDate "2010.04.07"]
[EventType "swiss"]
[EventRounds "9"]
[EventCountry "AUS"]
[SourceDate "2010.04.07"]

1. d4 Nf6 2. f3 g6 3. e4 d6 4. Be3 Bg7 5. Qd2 a6 6. Nc3 O-O 7. Nge2 Nbd7 8.
O-O-O b5 9. Ng3 Bb7 10. Bh6 c5 11. dxc5 Nxc5 12. h4 Qa5 13. Kb1 Rfe8 14. Bxg7
Kxg7 15. h5 Rac8 16. hxg6 fxg6 17. Qh6+ Kh8 18. Nge2 Rg8 19. Nf4 Rg7 20. Nxg6+
Kg8 21. Nxe7+ 1-0